<?xml version="1.0" encoding="UTF-8"?>
<marc:record xmlns:marc="http://www.loc.gov/MARC21/slim">
   <marc:leader>00000nam a2200000 a 4500</marc:leader>
   <marc:datafield ind1="1" ind2=" " tag="100">
      <marc:subfield code="a">Pichler, Wolfgang</marc:subfield>
      <marc:subfield code="4">aut</marc:subfield>
      <marc:subfield code="e">Verfasser/-in</marc:subfield>
   </marc:datafield>
   <marc:datafield ind1=" " ind2=" " tag="653">
      <marc:subfield code="a">Grübeleien</marc:subfield>
   </marc:datafield>
   <marc:datafield ind1=" " ind2=" " tag="653">
      <marc:subfield code="a">Lebenslust</marc:subfield>
   </marc:datafield>
   <marc:datafield ind1=" " ind2=" " tag="653">
      <marc:subfield code="a">Lebensfreude</marc:subfield>
   </marc:datafield>
   <marc:datafield ind1="0" ind2="0" tag="245">
      <marc:subfield code="a">Aus die Maus</marc:subfield>
   </marc:datafield>
   <marc:datafield ind1="0" ind2="0" tag="245">
      <marc:subfield code="b">Der Ratgeber für ein richtig mieses Leben</marc:subfield>
   </marc:datafield>
   <marc:datafield ind1=" " ind2="1" tag="264">
      <marc:subfield code="b">Goldegg Verl.</marc:subfield>
      <marc:subfield code="c">2022</marc:subfield>
   </marc:datafield>
   <marc:datafield ind1="1" ind2=" " tag="520">
      <marc:subfield code="a">Sehen Sie immer alles schwarz, rechnen stets mit dem Schlimmsten und grübeln darüber nach, wo selbst bei guten Ereignissen der Haken ist? Dann ist dieses Buch genau das Richtige für Sie! Denn es zeigt, wie Sie voller Entschlossenheit ein richtig mieses Leben führen und es zielgerichtet in den Sand setzen. Dieses Buch nimmt notorische Schwarzseher, ewig Zu-kurz-Gekommene, Zauderer, Grübler und Unzufriedene leicht und humorvoll aufs Korn - nicht ohne mit dem richtigen Augenzwinkern Lösungsangebote zu servieren. Ein humorvoller, etwas anderer Ratgeber und ein Geschenkbuch zur Aufmunterung für alle, die sich von der Schwere der Welt und überall lauernden Problemen umzingelt fühlen.</marc:subfield>
   </marc:datafield>
   <marc:datafield ind1=" " ind2=" " tag="041">
      <marc:subfield code="a">ger</marc:subfield>
   </marc:datafield>
</marc:record>
